| 000 | 00556nam a2200193Ia 4500 | ||
|---|---|---|---|
| 005 | 20250508162319.0 | ||
| 008 | 008 250505s9999 xx 000 0 eng d | ||
| 037 | _aTheses | ||
| 040 |
_aFEDL _beng _cFEDL |
||
| 041 |
_aeng _2eng |
||
| 084 |
_a371.3, PAI/TH _qFEDL |
||
| 100 | _aPaintal Iris | ||
| 245 | 0 | _aEvaluation of microteaching and other recent innovations in educational technology | |
| 260 | _c1979 | ||
| 300 | _a559p. | ||
| 546 | _aPH.D Thesis (Delhi University) | ||
| 942 |
_cTH _h371.3, PAI/TH |
||
| 999 |
_c1375777 _d1375777 |
||